UFC HEAVYWEIGHT CHAMPS QUIZ - Statistics

General Stats
  • This quiz has been taken 209 times
  • The average score is 6 of 10
Answer Stats
Hint Answer % Correct
2023 Jon Jones
99%
2018 Daniel Cormier
90%
2016 Stipe Miocic
90%
2021 Francis Ngannou
86%
2008 Brock Lesnar
69%
2010 Cain Velasquez
57%
2011 Junior dos Santos
42%
2007 Randy Couture
42%
2015 Fabricio Werdum
30%
2006 Tim Sylvia
24%
No matching quizzes found
Score Distribution
Percent of People with Each Score
Percentile by Number Answered
Your Score History
You have not taken this quiz